| 000 | 00943nam0a22003011 4500 | ||
|---|---|---|---|
| 001 | rc\2261992 | ||
| 005 | 20250623021929.0 | ||
| 035 | _a(NLR Aleph) 006527214 | ||
| 090 |
_a6494448 _c6494448 |
||
| 100 | _a20110826d1979 |||y0rusy50 ca | ||
| 101 | 0 | _arus | |
| 102 | _aRU | ||
| 105 | _ac z ||||| | ||
| 200 | 1 | _aТам, где плещет Байкал | |
| 210 |
_aМосква _cСовременник _d1979 |
||
| 215 |
_a237 с. _cпортр. _d17 |
||
| 225 | 1 | _aЛитературная карта РСФСР | |
| 606 |
_aБурятская советская литература _2psbo |
||
| 686 |
_aШ5(2-Бу)7-3,0 _2rubbk |
||
| 686 |
_a83.3Бу _2rubbk |
||
| 700 | 1 |
_aНайдаков _bВ.Ц. _f1928-1997 _gВасилий Цыренович |
|
| 801 | 0 |
_aRU _bNLR _gpsbo |
|
| 801 | 1 |
_aRU _bELAR _2rusmarc |
|
| 852 |
_aNLR _j79-2/1749 |
||
| 899 |
_aRuMoRGB _jB 79-13/340 |
||
| 899 |
_aRuMoRGB _jB 79-13/341 |
||
| 942 | _cBOOK | ||
| 980 | _aNB | ||